| 000 | 01626nam0a2200301 4500 | ||
|---|---|---|---|
| 001 | RU\NLR\bibl\273836 | ||
| 005 | 20240725233616.0 | ||
| 020 |
_aRU _b00-4175 _9Летопись авторефератов диссертаций |
||
| 021 |
_aRU _b99-784a _999-32А |
||
| 035 | _a(NLR Aleph) 000269365 | ||
| 090 |
_a1574769 _c1574769 |
||
| 100 | _a20011123d1998 u u0rusy50 ca | ||
| 101 | 0 | _arus | |
| 102 | _aRU | ||
| 105 | _ay dm ||||| | ||
| 200 | 1 |
_aЭффективность сочетания овцеводства с другими отраслями сельскохозяйственного производства _e(На прим. Ставроп. края и Республики Дагестан) _eАвтореф. дис. на соиск. учен. степ. к.э.н. _eСпец. 08.00.05 _f[Ин-т соц.-экон. исслед. Дагест. науч. центра Рос. акад. наук] |
|
| 210 |
_aМахачкала _d1998 |
||
| 215 |
_a14 с. _d21 |
||
| 320 | _aБиблиогр.: с. 14 (5 назв.) | ||
| 610 | 0 | _aСельскохозяйственные науки - Землеустройство. Агрономия. Зоотехния. Первичная обработка, хранение зерна и другой продукции растениеводства. Лесное хозяйство | |
| 686 |
_a08.00.05 _2oksvnk |
||
| 700 | 1 |
_aКамавова _bГ. К. _gГюльжанат Камавовна |
|
| 801 | 0 |
_aRU _bRKP _c20011123 _gPSBO |
|
| 801 | 1 |
_aRU _bRKP _c20011123 |
|
| 801 | 2 |
_aRU _bNLR _c20020916 _grcr |
|
| 852 |
_aNLR _jА99/784 |
||
| 942 | _cBOOK | ||